000 00514nam a22001697a 4500
999 _c166579
_d166579
010 _aENG-126096
020 _a978-93-86761-29-3
_c1495.00
035 _aEN-109628
037 _bDBAD/PUB
082 _a150
100 _aSingh,Shashi Kala
_d2018
245 _aBehavioural Psychology/
_b(W
_cby Shashi Kala Singh
260 _aNew Delhi
_bAne Books Pvt.Ltd.
270 _a4821, Parwana Bhawan, 1st floor, 24 Ansari Road, Darya Ganj.
300 _a296p.
_c24cm(hb)
942 _2ddc
_cEN
_h150
_mSIN